Network analysis and synthesis / (Record no. 30970)

MARC details
000 -LEADER
fixed length control field 00899nam a22002537a 4500
005 - DATE AND TIME OF LATEST TRANSACTION
control field 20091020121619.0
008 - FIXED-LENGTH DATA ELEMENTS--GENERAL INFORMATION
fixed length control field 091020t xxu||||| |||| 00| 0 eng d
010 ## - LCCN (DPL NO)
LC control number ENG-95146
020 ## - INTERNATIONAL STANDARD BOOK NUMBER
International Standard Book Number 9780070144781
Terms of availability 375.00
020 ## - INTERNATIONAL STANDARD BOOK NUMBER
International Standard Book Number 0070144788
Terms of availability 375.00
035 ## - SYSTEM CONTROL NUMBER
System control number EN-78679
037 ## - SOURCE OF ACQUISITION
Source of stock number/acquisition DBAD/PUB
040 ## - CATALOGING SOURCE
Original cataloging agency DPL
082 ## - DEWEY DECIMAL CLASSIFICATION NUMBER
Classification number 621.3192
100 ## - MAIN ENTRY--PERSONAL NAME
Personal name Ghosh, S.P.
245 ## - TITLE STATEMENT
Title Network analysis and synthesis /
Statement of responsibility, etc by S.P. Ghosh, A. K. Chakraborty
260 ## - PUBLICATION, DISTRIBUTION, ETC. (IMPRINT)
Place of publication, distribution, etc New Delhi
Name of publisher, distributor, etc Tata McGraw Hill Education
Date of publication, distribution, etc 2010
270 ## - ADDRESS
Address 7, West Patel Nagar
City New Delhi
Postal code 110008
300 ## - PHYSICAL DESCRIPTION
Extent xiii, 965 p.
Dimensions 24cm (Pbk)
500 ## - GENERAL NOTE
General note Includes index
700 ## - ADDED ENTRY--PERSONAL NAME
Personal name Chakraborty, A. K.
942 ## - ADDED ENTRY ELEMENTS (KOHA)
Source of classification or shelving scheme Dewey Decimal Classification
Item type English Books
Call number suffix GHO
Classification part 621.3192
Holdings
Withdrawn status Lost status Source of classification or shelving scheme Damaged status Not for loan Collection code Home library Current library Date acquired Source of acquisition Cost, normal purchase price Total Checkouts Full call number Barcode Date last seen Cost, replacement price Koha item type
    Dewey Decimal Classification   Not For Loan Non-fiction D.B.Act.Division D.B.Act.Division 20/10/2009 DBAD / PUB 375.00   621.3192 GHO EN-78679 20/10/2009 375.00 English Books

© Delhi Public Library
Hit Counter
free hit counter